مكتبة جامعة عجلون الوطنية

فهرس بحث المكتبة

Normal view MARC view
  • النحو-علم اصول النحو

Entry Topical Term

Number of records used in: 1

001 - CONTROL NUMBER

  • control field: 16142

003 - CONTROL NUMBER IDENTIFIER

  • control field: JO-AjAnu

005 - DATE AND TIME OF LATEST TRANSACTION

  • control field: 20230606072856.0

008 - FIXED-LENGTH DATA ELEMENTS

  • fixed length control field: 230606|| aca||aabn | a|a d

040 ## - CATALOGING SOURCE

  • Original cataloging agency: JO-AjAnu
  • Transcribing agency: JO-AjAnu

150 ## - HEADING--TOPICAL TERM

  • Topical term or geographic name entry element: النحو-علم اصول النحو

670 ## - SOURCE DATA FOUND

  • Source citation: Work cat.: (JO-AjAnu)8285: تاليف المغربي الجزائري،يحيى بن محمد أبي زكريا الشاوي؛ تحقيق عبد الرزاق عبد الرحمن السعدي, author 16141, إرتقاء السيادة في علم أصول النحو